| 000 | 00567cam a2200193ua 4500 | ||
|---|---|---|---|
| 020 |
_a0 8213 2401 2 _c728.75 |
||
| 041 |
_aeng _h |
||
| 082 |
_a338.476275209541 _bKAH/GR |
||
| 100 | _aKahnert, Friedrich . | ||
| 245 |
_aGround water irrigation and the rural poor :options for development Gangetu basis / _cFriedrich Kahnert. _hTextual Documents |
||
| 250 |
_a1 / _b. |
||
| 260 |
_aWashington : _bThe world bank , _c1993. |
||
| 300 | _a222 ; . | ||
| 365 | _a728.75 | ||
| 504 | _a | ||
| 700 | 1 | _aLevine , Gilbert . | |
| 942 | _cBK | ||
| 999 |
_c2303 _d2303 |
||